La filosofía científica /

Guardado en:
Detalles Bibliográficos
Autor principal: Reichenbach, Hans (autor)
Formato: Libro
Idioma:Español
Publicado: México : Fondo de Cultura Económica, 1967, c1953
Edición:2a edición
Colección:(Sección de Obras de Filosofía)
Temas:
Etiquetas: Agrega una etiqueta
Sin etiquetas, Sé el primero en etiquetar este registro!

MARC

LEADER 00000nam^a2200000^a^4500
001 000181876
005 20250521000000.0
009 20260310101946.912
037 |a Acervo ITESO - Biblioteca 
041 |a ESP 
082 |a 121.  |b REI 
100 |a Reichenbach, Hans  |e (autor) 
240 1 4 |a [La filosofía científica] 
245 1 3 |a La filosofía científica /  |c H. Reichenbach ; tr. por Horacio Flores Sánchez. 
250 |a 2a edición 
264 4 |a México :  |b Fondo de Cultura Económica,  |c 1967, c1953 
300 |a 335 p. 
336 |a texto  |b txt  |2 rdacontenido 
337 |a sin mediación  |b n  |2 rdamedio 
338 |a volumen  |b nc  |2 rdasoporte 
440 1 |a (Sección de Obras de Filosofía) 
500 |a Traducción de: The Rise of Scientific Philosophy 
649 |a XX 
650 |a Lógica Matemática 
650 |a Matemáticas 
650 |a Física 
650 |a Positivismo Lógico 
650 |a Método Científico 
650 |a Filosofía Analítica 
650 |a Filosofía -  |x Metodología 
650 |a Filosofía -  |x Teoría 
910 |a Fondo Armando Suárez Gómez 
920 |a Impresos - Libros 
930 |a Fondos Especiales 
905 |a 111 
901 |a 0700001054  |b IT2  |c ESP  |u 20250521 
902 |a https://opac.biblio.iteso.mx/vufind/Record/000181876